00984nam a22002417a 4500003000500000005001700005008004100022010001100063011001100074035001100085040000900096100003800105245018000143260004000323500006000363502013000423650002600553650002100579650002000600650002400620700003400644856006400678CHAP20220329143845.0120228s2011 mx r 00010 spa d a102859 a103831 a114520 cCHAP1 aNava Ramírez, Mónica Alondra.10aProducción, comercialización y precio de exportación de la fresa de Zamora, Michoacánh[En línea]c/por Mónica Alondra Nava Ramírez y Xochitl Hernández Herrera aChapingo, Méx. :bEl autor,c2011 aPara ver el contenido del material haga clic en la liga aTesis (Lic. en Comercio Internacional de Productos Agropecuarios) -- UACH. División de Ciencias Económico Administrativas14aFresaxExportación.14aFresaxMercadeo.14aFresaxPrecios.14aFresazMichoacán.1 aHernández Herrera, Xochitl. 3Finding aiduhttp://10.13.5.2/tesis/114520.pdfzTeclea aqui